Hà Minh Đức tuyển tập T.3 Phê bình và tiểu luận văn học
v.v...
Đã lưu trong:
| Tác giả chính: | |
|---|---|
| Định dạng: | Sách |
| Năm xuất bản: |
H.
Giáo dục
2004
|
| Chủ đề: | |
| Tags: |
Thêm thẻ
Không có thẻ, Hãy là người đầu tiên gắn thẻ bản ghi này!
|
| LEADER | 00821nam a2200193 4500 | ||
|---|---|---|---|
| 082 | |a 895.92209 |b H100M | ||
| 100 | |a Hà Minh Đức | ||
| 245 | |a Hà Minh Đức tuyển tập |c Trần Khánh Thành tuyển chọn |n T.3 |p Phê bình và tiểu luận văn học | ||
| 260 | |a H. |b Giáo dục |c 2004 | ||
| 300 | |a 966 tr. |c 21 cm | ||
| 520 | |a v.v... | ||
| 653 | |a Văn học hiện đại | ||
| 653 | |a Việt Nam | ||
| 653 | |a Phê bình văn học | ||
| 653 | |a Tiểu luận | ||
| 942 | |2 ddc |c STK0 | ||
| 999 | |c 3245 |d 3245 | ||
| 952 | |0 0 |1 0 |2 ddc |4 0 |6 895_922090000000000_H100M |7 1 |8 800 |9 35626 |a qbu |b qbu |c D5 |d 2014-12-16 |g 95400 |o 895.92209 H100M |p 3417.c1 |r 0000-00-00 |w 2014-12-16 |y STK0 | ||
| 952 | |0 0 |1 0 |2 ddc |4 0 |6 895_922090000000000_H100M |7 0 |8 800 |9 35627 |a qbu |b qbu |c D5 |d 2014-12-16 |g 95400 |o 895.92209 H100M |p 3417.c2 |r 0000-00-00 |w 2014-12-16 |y STK0 | ||